00397nam a2200121Ia 450000500170000000800460001703700290006304000200009204100130011208400260012524501150015126000090026620250508160035.0008 250505s9999 xx 000 0 eng d aBooks to be hide in OPAC aFEDLbengcFEDL aeng2eng a379.5482, MAD/OqFEDL 0aReport on public instruction Madras presidency for 1921-22 and for the quinquennium 1917-18 to 1921-22. Vol 11 c1923